Tính toán lưu lượng dòng chảy gió qua mặt cắt kinh tuyến và vĩ tuyến từ bờ tới đảo Phú Quý

Spremljeno u:
Bibliografski detalji
Glavni autor: Lê, Văn Bài
Daljnji autori: Trần, Văn Chung
Format: Knjiga
Jezik:Undetermined
Teme:
Online pristup:http://lrc.tdmu.edu.vn/opac/search/detail.asp?aID=2&ID=26982
Oznake: Dodaj oznaku
Bez oznaka, Budi prvi tko označuje ovaj zapis!
Thư viện lưu trữ: Trung tâm Học liệu Trường Đại học Thủ Dầu Một
LEADER 00767nam a2200157Ia 4500
001 TDMU_26982
008 210410s9999 xx 000 0 und d
082 |a 428 
100 |a Lê, Văn Bài 
245 0 |a Tính toán lưu lượng dòng chảy gió qua mặt cắt kinh tuyến và vĩ tuyến từ bờ tới đảo Phú Quý 
245 0 |c Lê Văn Bài, Trần Văn Chung, Nguyễn Chí Công 
300 |a Tr.557-572 
650 |a Địa lý địa chất; Dòng cháy gió; Mặt cắt; Kinh tuyết; Vĩ tuyến; Đảo Phú Quý 
700 |a Trần, Văn Chung 
856 |u http://lrc.tdmu.edu.vn/opac/search/detail.asp?aID=2&ID=26982 
980 |a Trung tâm Học liệu Trường Đại học Thủ Dầu Một